<?xml version="1.0" encoding="UTF-8"?>
<collection xmlns="http://www.loc.gov/MARC21/slim">
 <record>
  <leader>03758cam a2200565   4500</leader>
  <controlfield tag="001">1607352125</controlfield>
  <controlfield tag="003">DE-627</controlfield>
  <controlfield tag="005">20220227141728.0</controlfield>
  <controlfield tag="007">tu</controlfield>
  <controlfield tag="008">031008s2003    xx ||||| c    00| ||ger c</controlfield>
  <datafield tag="020" ind1=" " ind2=" ">
   <subfield code="a">3775713425</subfield>
   <subfield code="9">3-7757-1342-5</subfield>
  </datafield>
  <datafield tag="024" ind1="3" ind2=" ">
   <subfield code="a">9783775713429</subfield>
  </datafield>
  <datafield tag="035" ind1=" " ind2=" ">
   <subfield code="a">(DE-627)1607352125</subfield>
  </datafield>
  <datafield tag="035" ind1=" " ind2=" ">
   <subfield code="a">(DE-576)107338475</subfield>
  </datafield>
  <datafield tag="035" ind1=" " ind2=" ">
   <subfield code="a">(DE-599)BSZ107338475</subfield>
  </datafield>
  <datafield tag="035" ind1=" " ind2=" ">
   <subfield code="a">(OCoLC)314406576</subfield>
  </datafield>
  <datafield tag="040" ind1=" " ind2=" ">
   <subfield code="a">DE-627</subfield>
   <subfield code="b">ger</subfield>
   <subfield code="c">DE-627</subfield>
   <subfield code="e">rakwb</subfield>
  </datafield>
  <datafield tag="041" ind1=" " ind2=" ">
   <subfield code="a">ger</subfield>
  </datafield>
  <datafield tag="084" ind1=" " ind2=" ">
   <subfield code="a">9,11</subfield>
   <subfield code="a">1</subfield>
   <subfield code="2">ssgn</subfield>
  </datafield>
  <datafield tag="084" ind1=" " ind2=" ">
   <subfield code="a">LH 65830</subfield>
   <subfield code="2">rvk</subfield>
   <subfield code="0">(DE-625)rvk/94562:13114</subfield>
  </datafield>
  <datafield tag="084" ind1=" " ind2=" ">
   <subfield code="a">LH 65829</subfield>
   <subfield code="2">rvk</subfield>
   <subfield code="0">(DE-625)rvk/94562:13113</subfield>
  </datafield>
  <datafield tag="245" ind1="1" ind2="0">
   <subfield code="a">Video</subfield>
   <subfield code="b">25 Jahre Videoästhetik; eine Ausstellung des NRW-Forum Kultur und Wirtschaft, Düsseldorf 2004; [diese Publikation erscheint anlässlich der Ausstellung &quot;Video - 25 Jahre Videoästhetik&quot; im NRW-Forum Kultur und Wirtschaft, Düsseldorf, 24. Januar - 12. April 2004]</subfield>
   <subfield code="c">Ulf Poschardt (Hg.)</subfield>
  </datafield>
  <datafield tag="246" ind1="3" ind2="3">
   <subfield code="a">Look at me</subfield>
  </datafield>
  <datafield tag="263" ind1=" " ind2=" ">
   <subfield code="a">ca. EUR 24.80, ca. CHF 42.00</subfield>
  </datafield>
  <datafield tag="264" ind1=" " ind2="1">
   <subfield code="a">Ostfildern</subfield>
   <subfield code="b">Hatje Cantz</subfield>
   <subfield code="c">2003</subfield>
  </datafield>
  <datafield tag="300" ind1=" " ind2=" ">
   <subfield code="a">238 Seiten</subfield>
   <subfield code="b">überw. Ill.</subfield>
  </datafield>
  <datafield tag="336" ind1=" " ind2=" ">
   <subfield code="a">Text</subfield>
   <subfield code="b">txt</subfield>
   <subfield code="2">rdacontent</subfield>
  </datafield>
  <datafield tag="336" ind1=" " ind2=" ">
   <subfield code="a">unbewegtes Bild</subfield>
   <subfield code="b">sti</subfield>
   <subfield code="2">rdacontent</subfield>
  </datafield>
  <datafield tag="337" ind1=" " ind2=" ">
   <subfield code="a">ohne Hilfsmittel zu benutzen</subfield>
   <subfield code="b">n</subfield>
   <subfield code="2">rdamedia</subfield>
  </datafield>
  <datafield tag="338" ind1=" " ind2=" ">
   <subfield code="a">Band</subfield>
   <subfield code="b">nc</subfield>
   <subfield code="2">rdacarrier</subfield>
  </datafield>
  <datafield tag="500" ind1=" " ind2=" ">
   <subfield code="a">Nebent.: Look at me</subfield>
  </datafield>
  <datafield tag="583" ind1="1" ind2=" ">
   <subfield code="a">Archivierung/Langzeitarchivierung gewährleistet</subfield>
   <subfield code="f">PEBW</subfield>
   <subfield code="2">pdager</subfield>
   <subfield code="5">DE-24</subfield>
  </datafield>
  <datafield tag="655" ind1=" " ind2="7">
   <subfield code="a">Ausstellungskatalog</subfield>
   <subfield code="x">NRW-Forum Kultur und Wirtschaft</subfield>
   <subfield code="y">24.01.2004-12.04.2004</subfield>
   <subfield code="z">Düsseldorf</subfield>
   <subfield code="0">(DE-588)4135467-9</subfield>
   <subfield code="0">(DE-627)10566491X</subfield>
   <subfield code="0">(DE-576)209660988</subfield>
   <subfield code="2">gnd-content</subfield>
  </datafield>
  <datafield tag="689" ind1="0" ind2="0">
   <subfield code="d">s</subfield>
   <subfield code="0">(DE-588)4188229-5</subfield>
   <subfield code="0">(DE-627)105266183</subfield>
   <subfield code="0">(DE-576)210051450</subfield>
   <subfield code="a">Videokunst</subfield>
   <subfield code="2">gnd</subfield>
  </datafield>
  <datafield tag="689" ind1="0" ind2=" ">
   <subfield code="5">(DE-627)</subfield>
  </datafield>
  <datafield tag="700" ind1="1" ind2=" ">
   <subfield code="a">Poschardt, Ulf</subfield>
   <subfield code="d">1967-</subfield>
   <subfield code="e">HerausgeberIn</subfield>
   <subfield code="0">(DE-588)115742476</subfield>
   <subfield code="0">(DE-627)077441710</subfield>
   <subfield code="0">(DE-576)174496036</subfield>
   <subfield code="4">edt</subfield>
  </datafield>
  <datafield tag="710" ind1="2" ind2=" ">
   <subfield code="a">NRW-Forum Kultur und Wirtschaft</subfield>
   <subfield code="e">AuftraggeberIn</subfield>
   <subfield code="0">(DE-588)5328309-0</subfield>
   <subfield code="0">(DE-627)270396195</subfield>
   <subfield code="0">(DE-576)197688691</subfield>
   <subfield code="4">pat</subfield>
  </datafield>
  <datafield tag="711" ind1="2" ind2=" ">
   <subfield code="a">Ausstellung Video - 25 Jahre Videoästhetik</subfield>
   <subfield code="d">2004</subfield>
   <subfield code="c">Düsseldorf</subfield>
   <subfield code="0">(DE-588)10068222-4</subfield>
   <subfield code="0">(DE-627)711870004</subfield>
   <subfield code="0">(DE-576)199694109</subfield>
   <subfield code="4">oth</subfield>
  </datafield>
  <datafield tag="787" ind1="0" ind2="8">
   <subfield code="i">Rezension</subfield>
   <subfield code="a">Keazor, Henry, 1965 - </subfield>
   <subfield code="t">Schriften von Henry Keazor ; 31a: Poschardt, Ulf, Video</subfield>
   <subfield code="d">Heidelberg : Universitätsbibliothek Heidelberg, 2004</subfield>
   <subfield code="h">Online-Ressource</subfield>
   <subfield code="w">(DE-627)1475256132</subfield>
   <subfield code="w">(DE-576)405256132</subfield>
  </datafield>
  <datafield tag="787" ind1="0" ind2="8">
   <subfield code="i">Rezension</subfield>
   <subfield code="a">Keazor, Henry, 1965 - </subfield>
   <subfield code="t">[Rezension von: Video - 25 Jahre Videoästhetik]</subfield>
   <subfield code="d">Heidelberg : Universitätsbibliothek, 2004</subfield>
   <subfield code="w">(DE-627)1546929568</subfield>
   <subfield code="w">(DE-576)476929563</subfield>
  </datafield>
  <datafield tag="856" ind1="4" ind2="2">
   <subfield code="u">https://swbplus.bsz-bw.de/bsz107338475inh.htm</subfield>
   <subfield code="m">V:DE-576</subfield>
   <subfield code="q">text/html</subfield>
   <subfield code="3">Inhaltsverzeichnis</subfield>
  </datafield>
  <datafield tag="889" ind1=" " ind2=" ">
   <subfield code="w">(DE-576)471063649</subfield>
  </datafield>
  <datafield tag="889" ind1=" " ind2=" ">
   <subfield code="w">(DE-576)478187033</subfield>
  </datafield>
  <datafield tag="935" ind1=" " ind2=" ">
   <subfield code="a">mteo</subfield>
  </datafield>
  <datafield tag="936" ind1="r" ind2="v">
   <subfield code="a">LH 65830</subfield>
   <subfield code="b">neueste Stile Aktionskunst, Fluxus, Happening, Performance, Body art</subfield>
   <subfield code="k">Allgemeines. Allgemeine Kunstgeschichte</subfield>
   <subfield code="k">Allgemeine Kunstgeschichte: Darstellungen</subfield>
   <subfield code="k">Darstellungen einzelner Epochen</subfield>
   <subfield code="k">Mittlere und neuere Kunstgeschichte</subfield>
   <subfield code="k">Neuzeit</subfield>
   <subfield code="k">19. und 20. Jahrhundert</subfield>
   <subfield code="k">20. Jahrhundert</subfield>
   <subfield code="k">neueste Stile Aktionskunst, Fluxus, Happening, Performance, Body art</subfield>
   <subfield code="0">(DE-627)127063612X</subfield>
   <subfield code="0">(DE-625)rvk/94562:13114</subfield>
   <subfield code="0">(DE-576)20063612X</subfield>
  </datafield>
  <datafield tag="936" ind1="r" ind2="v">
   <subfield code="a">LH 65829</subfield>
   <subfield code="b">Kinetische Kunst, Op art, Land art, Kybernetische Kunst, Mixed Media, Computerkunst, Environment, Rauminstallation, Videoinstallation</subfield>
   <subfield code="k">Allgemeines. Allgemeine Kunstgeschichte</subfield>
   <subfield code="k">Allgemeine Kunstgeschichte: Darstellungen</subfield>
   <subfield code="k">Darstellungen einzelner Epochen</subfield>
   <subfield code="k">Mittlere und neuere Kunstgeschichte</subfield>
   <subfield code="k">Neuzeit</subfield>
   <subfield code="k">19. und 20. Jahrhundert</subfield>
   <subfield code="k">20. Jahrhundert</subfield>
   <subfield code="k">Kinetische Kunst, Op art, Land art, Kybernetische Kunst, Mixed Media, Computerkunst, Environment, Rauminstallation, Videoinstallation</subfield>
   <subfield code="0">(DE-627)1270636391</subfield>
   <subfield code="0">(DE-625)rvk/94562:13113</subfield>
   <subfield code="0">(DE-576)200636391</subfield>
  </datafield>
  <datafield tag="951" ind1=" " ind2=" ">
   <subfield code="a">BO</subfield>
  </datafield>
  <datafield tag="990" ind1=" " ind2=" ">
   <subfield code="a">Videokunst</subfield>
  </datafield>
  <datafield tag="991" ind1=" " ind2=" ">
   <subfield code="a">Rezensiertes Werk</subfield>
  </datafield>
  <datafield tag="999" ind1=" " ind2=" ">
   <subfield code="a">KXP-PPN1607352125</subfield>
   <subfield code="e">4132088340</subfield>
  </datafield>
 </record>
</collection>
